| 000 | 01168nam a22002657a 4500 | ||
|---|---|---|---|
| 005 | 20240710063630.0 | ||
| 007 | cr |||aaa||||| | ||
| 008 | 240709s2015 mx|d||||os||| 000 0 spa d | ||
| 020 | _a9786070270079 | ||
| 040 |
_aMX-MxUPN _bspa _cMX-MxUPN _eaacr2 |
||
| 041 | 0 | _aspa | |
| 050 | 4 | _aJC599 M6 | |
| 100 | 1 |
_935960 _aBarreda Solórzano, Luis de la, _d1950- |
|
| 245 | 1 | 3 |
_aLa sociedad mexicana y los derechos humanos : _bencuesta nacional de derechos humanos, discriminación y grupos vulnerables _h[recurso electrónico en línea] |
| 250 | _aPrimera edición | ||
| 260 |
_aMéxico, D.F. : _bUniversidad Nacional Autónoma de México, Instituto de Investigaciones Jurídicas , _c2015 |
||
| 300 |
_a1 recurso en línea (298 páginas) : _bgráficas |
||
| 490 | 0 | _aLos mexicanos vistos por sí mismos. Los grandes temas nacionales | |
| 506 | 0 | _aAcceso abierto. | |
| 650 | 4 |
_aDerechos humanos _zMéxico _vEstadística _924347 |
|
| 650 | 4 |
_952708 _aDiscriminación _zMéxico _vEstadística |
|
| 856 | 4 | 0 | _uhttp://www.losmexicanos.unam.mx/derechoshumanos/libro/html5forpc.html?page=4&bbv=1&pcode= |
| 902 | _aVíctorGodínez/090724 | ||
| 942 |
_2lcc _cLIBRO-E |
||
| 999 |
_c211477 _d211477 |
||